| 000 | 00489cam a22002054a 4500 | ||
|---|---|---|---|
| 005 | 20250605164154.0 | ||
| 008 | 250528s ||||||||||||||||||||||||d | ||
| 035 | _a19531 | ||
| 020 | _a201192497 | ||
| 040 |
_aGR-AtMCL _bgre _dGR-AtMCL _eAACR2 |
||
| 245 | 1 | _aFUNCTIONAL PROGRAMMING | |
| 250 | _a1 | ||
| 260 |
_bAddison-Wesley, _c1988 |
||
| 300 | _a602 | ||
| 700 | 1 |
_aField Anthony J _94402 |
|
| 700 | 1 |
_aHarrison Peter G _94403 |
|
| 942 | _cBK | ||
| 999 |
_c4787 _d4787 |
||